[Event "Goch op 06th"]
[Site "Goch"]
[Date "1995.??.??"]
[Round "1"]
[White "Nowik, Volker"]
[Black "Kistel, Andreas"]
[Result "1-0"]
[WhiteElo "2170"]
[BlackElo "1765"]
[PlyCount "67"]
[EventDate "1995.10.??"]
[EventType "swiss"]
[EventRounds "7"]
[EventCountry "GER"]
[SourceTitle "EXT 1999"]
[Source "ChessBase"]
[SourceDate "1998.11.16"]
[SourceVersion "1"]
[SourceVersionDate "1998.11.16"]
[SourceQuality "1"]

1. e4 e6 2. d3 d5 3. Nd2 c5 4. Ngf3 Nc6 5. g3 Nf6 6. Bg2 Be7 7. 0-0 0-0 8. Re1 dxe4 9. dxe4 e5 10. c3 Qc7 11. Qe2 h6 12. Nh4 Rb8 13. Nf5 b5 14. Nf3 Bxf5 15. exf5 Bd6 16. Nd2 Na5 17. Ne4 Nxe4 18. Bxe4 Qe7 19. Qg4 Kh8 20. h4 f6 21. Qh5 Qf7 22. Qf3 c4 23. Be3 Qc7 24. Red1 Rfd8 25. Rd2 Bc5 26. Rad1 Bxe3 27. Qxe3 Rxd2 28. Rxd2 Qb6 29. Qf3 Nb7 30. Bxb7 Rxb7 31. Qd1 Qc6 32. Rd8+ Kh7 33. Qh5 g5 34. Qg6# 1-0